|
|
|
|
| LEADER |
00000cam a2200000 a 4500 |
| 001 |
vtls001094318 |
| 003 |
SK-MaSNL |
| 005 |
20260301135520.0 |
| 008 |
230501s1985 xo a jr 0000d slo |
| 015 |
|
|
|a SNBA1985
|
| 020 |
|
|
|q (viazané)
|
| 035 |
|
|
|a SNK000037160
|
| 035 |
|
|
|a D3E0005A-32AE-407C-9B7E-D09DDB2032BD
|
| 035 |
|
|
|a urn:nbn:sk:snk-am00iep0
|
| 040 |
|
|
|a SNK
|b slo
|c SNK
|e AACR2
|
| 041 |
0 |
|
|a slo
|
| 044 |
|
|
|a xo
|c SK
|
| 072 |
|
7 |
|a 821.162.4-3
|x Slovenská próza
|2 konspekt
|
| 072 |
|
7 |
|a 821-93
|x Literatúra pre deti a mládež (beletria)
|2 konspekt
|
| 072 |
|
7 |
|a 792
|x Divadlo. Divadelné predstavenia
|2 konspekt
|
| 080 |
|
|
|a 821.162.4-2
|2 2011
|
| 080 |
|
|
|a (0:82-2)
|2 2011
|
| 080 |
|
|
|a 82-93-053.4/.5
|2 2011
|
| 080 |
|
|
|a (0:82-22)
|2 2011
|
| 100 |
1 |
|
|a Tajovský, Jozef Gregor,
|d 1874-1940
|4 aut
|9 37212
|
| 245 |
1 |
0 |
|a Ženský zákon
|b veselohra v štyroch dejstvách
|c Jozef Gregor Tajovský ; [ilustroval Karol Ondreička]
|
| 250 |
|
|
|a 1. vyd. v Mladých letách
|
| 260 |
|
|
|a Bratislava
|b Mladé letá
|c 1985
|
| 300 |
|
|
|a 69 strán
|b farebné ilustrácie
|c 25 cm
|
| 366 |
|
|
|e 17000 kusov
|
| 490 |
1 |
|
|a Klub mladých čitateľov
|
| 500 |
|
|
|a Ilustrácie na frontispice. Mimočítanková literatúra pre 7. ročník ZŠ
|
| 655 |
|
7 |
|a divadelné hry
|2 SNKPH
|9 70577
|
| 655 |
|
7 |
|a slovenské drámy
|2 SNKPH
|9 70606
|
| 655 |
|
7 |
|a literatúra pre deti
|2 SNKPH
|9 87135
|
| 655 |
|
7 |
|a divadelné komédie
|2 SNKPH
|9 186013
|
| 700 |
1 |
|
|a Ondreička, Karol,
|d 1944-2003
|4 ill
|9 101721
|
| 830 |
|
0 |
|a Klub mladých čitateľov
|9 276979
|
| 852 |
|
|
|a Slovenská národná knižnica
|
| 954 |
|
|
|a beletria pôvodná (slovenská)
|2 lita
|
| 958 |
|
|
|a RK
|
| 958 |
|
|
|a TL
|
| 958 |
|
|
|a LX
|
| 958 |
|
|
|a DB
|
| 999 |
|
|
|c 760509
|d 762439
|
| 952 |
|
|
|a SNK
|b SNK
|y VYP
|7 0
|p 17A0025493
|o snkSC 63149 D1
|0 0
|1 0
|4 0
|d 1996-12-13
|l 0
|r 2004-12-31 00:00:00
|w 2026-02-24
|
| 952 |
|
|
|a SNK
|b SNK
|y PREZ
|7 0
|p 17A0918186
|o snkSC 63149
|i snkKSP 3357/85
|0 0
|1 0
|4 0
|d 2012-08-07
|f 1
|l 0
|r 2025-06-23 00:00:00
|w 2026-02-24
|
| 952 |
|
|
|a SNKLM
|b SNKLM
|y NEVYP
|7 0
|o snklmKK 484
|i snklm387/2001
|8 7
|0 0
|1 0
|4 0
|d 2006-04-10
|l 0
|r 2026-02-24 00:02:45
|w 2026-02-24
|